LEADER 01141nam a2200253 4500 001 000000351196 003 CaOOAMICUS 005 20220812101216.0 008 220812s1869 it 000 u ita r 040 $aSeMil$bita 245 00$aPoeti greci minori :$bTeocrito, Mosco, Bione, Callimaco, Anacreonte, Tirteo, ec. ec. /$ctradotti da varii. 264 1$aFirenze :$bG. Barbčra,$c1869. 300 $aXII, 471 p. ;$c11 cm 490 1 $aDiamante 500 $aPrefazione di G. Zanella 650 4$aPoesia greca antica - Testi.$0(OLS)http://semarc/subject/26400 700 1 $aZanella, Giacomo,$d<1820-1888>.$0(OLS)http://semarc/name/7680 700 0 $aTheocritus,$d.$0(OLS)http://semarc/name/11977 830 0$aDiamante.$0(OLS)http://semarc/title/401700 850 $aSeMil 852 $aSeMil$W1$xVenegono$y1$m2ZA X 29 FA$j233888$B242272$CSeMilBibl$Z2$F242272 $8I 996 $6245$aPoeti greci minori :$bTeocrito, Mosco, Bione, Callimaco, Anacreonte, Tirteo, ec. ec.$9(OLS)http://semarc/title/440974 996 $6264$aFirenze :$bG. Barbčra$9(OLS)http://semarc/publisher/31283 LEADER 00594naa a2200145 i 4500 001 000000296338 003 CaOOAMICUS 005 20180831172543.0 008 180831n xx u000 u ger u 013 $a3788 040 $aSeMil$bita 100 1 $aSchwerdtfeger, Nikolaus <1948- >.$0(OLS)http://semarc/name/34831 245 14$aDer anonyme Christ in der Theologie Karl Rahners. 773 0 $tTheologie aus Erfahung der Gnade.$dBerlin : Morus, 1994.$kSchriften der Diözesenakademie Berlin$z3-87065-756-1$w()50408 996 $6245$aDer anonyme Christ in der Theologie Karl Rahners$9(OLS)http://semarc/title/372392